[Event "Toronto"]
[Site "Toronto"]
[Date "1982.02.??"]
[Round "7"]
[White "Day, Lawrence A"]
[Black "Kilgour, Ian A"]
[Result "1-0"]
[WhiteElo "2439"]
[BlackElo "2240"]
[PlyCount "81"]
[EventDate "1982.02.??"]
[EventType "tourn"]
[EventRounds "11"]
[EventCountry "CAN"]
[SourceTitle "EXT 2022"]
[Source "ChessBase"]
[SourceDate "2021.10.06"]
[SourceVersion "1"]
[SourceVersionDate "2021.10.06"]
[SourceQuality "1"]

1. g3 g6 2. Bg2 Bg7 3. d4 d6 4. e4 e5 5. Ne2 Ne7 6. dxe5 dxe5 7. Qxd8+ Kxd8 8. b3 b6 9. Bb2 Ba6 10. Nbc3 Ke8 11. a4 c6 12. Na2 Nd7 13. Nb4 Bc8 14. a5 b5 15. Nd3 g5 16. h4 h6 17. h5 f6 18. Nc3 Bf8 19. Nd1 Ng8 20. f4 Bd6 21. fxg5 hxg5 22. Ne3 Nh6 23. 0-0-0 Nf8 24. Nf5 Bc7 25. b4 Rb8 26. Kb1 Nxf5 27. exf5 Bxf5 28. Nc5 Bg4 29. Rdf1 Ke7 30. Bxc6 Bd6 31. Ne4 Nh7 32. Nxd6 Kxd6 33. Be4 Ke6 34. Re1 Rbd8 35. Rh2 Rd6 36. Rf2 Nf8 37. Bd3 Nd7 38. Bxb5 Rxh5 39. c4 Rd1+ 40. Rxd1 Bxd1 41. Rd2 1-0